Histoire bipolarisation du monde - Statistiques

Statistiques générales
  • Ce quiz a été pris 37 fois
  • Le résultat moyen est 3 sur 10
Statistiques - réponses
Hint Réponse % Correct
1950-53 Guerre de Corée
77%
1954-75 Guerre du Vietnam
57%
1946-54 Guerre d'Indochine
49%
1953 Mort de Staline
20%
1962 Crise des missiles de Cuba
17%
1947 Doctrine Truman
17%
1961 Construction du mur de Berlin
9%
1959 Révolution Cubaine
9%
1964-73 Intervention des U.S.A dans la guerre
0%
1972 Traité de SALTI
0%
Aucun quiz correspondant
Distribution des résultats
% des personnes avec chaque résultat
Percentile par nombre de réponses
Votre historique - résultats
Vous n’avez pas pris ce quiz